00556nam a22001697a 450000500170000001000150001702000260003203500140005803700090007208200100008110000230009124500880011426000590020227000820026130000210034370000220036420240624160255.0 aENG-140688 c399.00a9789391028268 aEN-124220 bDBAD a158.1 aJayaraman, Gayatri aAnitya:bHow to make the most of change and transform your life/cGayatri Jayaraman aHaryanabHachette Book Publishing India Pvt.Ltd.c2021 bGurugrama4th and 5th Floors ,Corporate Centre, Plot No 94, Sector 44e122003 a196p.c20cm(pbk) aJayaraman,Gayatri